Marine life of india (Record no. 247972)

MARC details
000 -LEADER
fixed length control field 00347pam a2200133 a 4500
020 ## - INTERNATIONAL STANDARD BOOK NUMBER
International Standard Book Number 978-93-5067-144-3
Terms of availability
041 ## - LANGUAGE CODE
Language code of original
100 ## - MAIN ENTRY--PERSONAL NAME
Personal name Deepak , Apte ,.,
Relator term Author.,
245 ## - TITLE STATEMENT
Title Marine life of india
Medium Textual Documents
250 ## - EDITION STATEMENT
Edition statement 1st Edition 2012.
260 ## - PUBLICATION, DISTRIBUTION, ETC.
Place of publication, distribution, etc. [s.l]:
Name of publisher, distributor, etc. Dedicated tomy parents and in laws.
300 ## - PHYSICAL DESCRIPTION
Extent 502.
930 ## - EQUIVALENCE OR CROSS-REFERENCE-UNIFORM TITLE HEADING [LOCAL, CANADA]
Uniform title 2121
Holdings
Withdrawn status Lost status Damaged status Not for loan Collection Home library Current library Date acquired Source of acquisition Cost, normal purchase price Total Checkouts Full call number Barcode Date last seen Copy number Price effective from Koha item type
          Institute of Environment Education & Research, Pune Institute of Environment Education & Research, Pune 29/10/2013 B.N.H.S. 1500.00   EVP-1876 03/04/2023 1 03/04/2023 Book